000 nam a22 7a 4500
999 _c330423
_d330423
003 ASAB
005 20170711124635.0
008 170711b xxu||||| |||| 00| 0 eng d
040 _cASAB
082 _aThesis 2013 SA
100 _aSadia Anjum
_93223
245 _aTH-PHD-Characterization of Pakistani HCV genogype 3A structural proteins core E1,e@ and development of pseudotype particles (HCV pp) and intergenotypic chimera (HCVcc)
_cby Sadia Anjum-sup-Dr. Ishtiaq Qadri
260 _aIslamabad.
_bAtta ur Rahman school of Applied biosciences NUST Islamabad.
_c2013.
300 _a186 p
630 _aHCV genotype
_93219
942 _2ddc
_cTH